000 00333nam a2200121Ia 4500
008 240624s9999 xx 000 0 und d
041 _aeng
082 _a658 HBP
100 _aHARVARD BUSINESS PRESS
245 _aMANAGING YOUR CAREER STRAIGHT TALK FROM
260 _c2007
_aNew Delhi
_bHarvard Business School Press
365 _cRS
_b25
999 _c22379
_d22379